Normal view
MARC view
Entry Personal Name
001 - CONTROL NUMBER
- control field: 18943
003 - CONTROL NUMBER IDENTIFIER
- control field: OSt
005 - DATE AND TIME OF LATEST TRANSACTION
- control field: 20211105134338.0
008 - FIXED-LENGTH DATA ELEMENTS
- fixed length control field: 211105|| aca||aabn | a|a d
040 ## - CATALOGING SOURCE
- Original cataloging agency: OSt
- Transcribing agency: OSt
100 ## - HEADING--PERSONAL NAME
- Personal name: Poland, A. I., ed
670 ## - SOURCE DATA FOUND
- Source citation: Work cat.: (OSt): Workshop on Coronal and Prominence Plasmas Maryland 1985 Apr. 9-11 and 1986 Apr. 8-10 18942, Coronal and prominence plasmas, 1986